[Event "Sinquefield Cup 6th"]
[Site "Saint Louis"]
[Date "2018.08.27"]
[Round "9"]
[White "Karjakin, Sergey"]
[Black "Vachier Lagrave, Maxime"]
[Result "1/2-1/2"]
[WhiteElo "2773"]
[BlackElo "2779"]
[Annotator "Roiz,M"]
[PlyCount "238"]
[EventDate "2018.08.18"]
[EventType "tourn"]
[EventRounds "9"]
[EventCountry "USA"]
[EventCategory "22"]
[SourceTitle "CBM 186"]
[Source "ChessBase"]
[SourceDate "2018.09.14"]
[SourceVersion "1"]
[SourceVersionDate "2018.09.14"]
[SourceQuality "1"]

1. d4 Nf6 2. c4 g6 3. Nc3 d5 {Maxime is very consistent in his opening choices,
so Sergey could have focused on the Grünfeld in his home preparation.} 4. cxd5
Nxd5 5. e4 Nxc3 6. bxc3 Bg7 7. Bc4 {Somehow this old line is a rare guest on
the top level nowadays.} c5 8. Ne2 Nc6 9. Be3 O-O 10. O-O Bg4 (10... b6 {
is what Sergey faced earlier against the same opponent:} 11. dxc5 Qc7 12. Nd4
Ne5 13. Nb5 Qb8 14. Be2 bxc5 15. Rb1 a6 16. Na3 Qc7 17. f4 Rd8 18. Qc2 Ng4 19.
Bxg4 Bxg4 20. f5 {Karjakin,S - Vachier Lagrave,M Stavanger NOR 2018, White got
interesting play on the kingside and won in nice style.}) 11. f3 Bd7 12. Rb1
Qc7 13. h4 $146 {Sergey comes up with a fresh idea in a well known theoretical
position.} ({The most popular continuations are:} 13. Qd2 Rad8 (13... cxd4 14.
cxd4 Nxd4 15. Bxf7+ Rxf7 16. Bxd4 e5 17. Be3 Be6 18. Nc3 Rd8 $11 {Cvitan,O -
Rajkovic,M Veliko Gradiste SRB 2018}) 14. Rfc1 Na5 15. Bd3 e5 16. Bh6 b6 17.
Bxg7 Kxg7 18. f4 f6 $11 {Aronian,L - Areshchenko,A Baku 2015}) ({and} 13. Bf4
Qc8 14. Rc1 Qd8 (14... Rd8 $5 15. Qd2 b5 $132) 15. Be3 (15. Qd2 cxd4 16. cxd4
Qa5 17. Qxa5 Nxa5 $11 {Bacrot,E - Areshchenko,A Germany 2012}) 15... Qc7 16.
Qd2 Rad8 17. Rfd1 Bc8 18. Qe1 Na5 19. Bd3 $14 {Khotenashvili,B - Papp,P
Hersonissos GRE 2017}) 13... cxd4 {Maxime chooses the most challenging
continuation.} ({It was also possible to maintain the tension with} 13... Rfd8
14. Bf4 ({After} 14. h5 cxd4 15. cxd4 Nxd4 16. Bxf7+ Kxf7 17. Nxd4 Qc4 $132 {
Black has sufficient counterplay along the d-file.}) 14... e5 15. Bg3 Na5 16.
Bd5 Be6 17. c4 cxd4 18. Nxd4 Qe7 {Despite the powerful Bd5, Black should be OK.
}) 14. cxd4 Nxd4 15. Bxf7+ {This is the only way to fight for the initiative,
even though Black acquires the bishop pair.} ({White achieves nothing with} 15.
Bxd4 Qxc4 16. Bxg7 Kxg7 17. Qxd7 Qxe2 $11) 15... Rxf7 16. Nxd4 ({After} 16.
Bxd4 e5 17. Be3 Be6 18. Rc1 Qa5 {White doesn't pretend to claim superiority.})
16... Rd8 17. Qb3 {The pin is rather annoying now.} ({It was worth considering
} 17. Qe2 $5 {, though after} Bf6 18. Rfc1 Qb8 19. Qc4 b6 {Black should be
able to consolidate and solve his problems.}) 17... Qg3 $1 {Counter-attack is
the best defensive approach!} 18. Ne2 ({After} 18. Rbd1 Bh3 19. Rf2 {Black can
force a draw by perpetual by means of} Rxd4 20. Bxd4 Bxg2 21. Rxg2 Bxd4+ 22.
Rxd4 Qe1+ 23. Kh2 Qxh4+) 18... Qxh4 19. Bf2 (19. Qxb7 $1 Be6 20. Rb5 {would
have posed Black the major practical problems.} ({Instead,} 20. Qxa7 Rff8 {
[%csl Ra2][%cal Gd8a8] yields Black sufficient counterplay.}) {In this case
Maxime would have to find} 20... Bh6 $1 (20... Bxa2 $6 21. Ra5 e5 22. Qa6 {
is dangerous for Black, whose bishop is almost trapped.}) 21. Bf2 (21. Qxa7
Bxe3+ 22. Qxe3 Bxa2 $11) 21... Qf6 22. Qxa7 Rff8 23. Nd4 Bc4 24. Rb6 Ra8 25.
Rxf6 Rxa7 26. Rxf8+ Bxf8 27. Rc1 {White is still slightly better, but a draw
is the most probable result.}) 19... Qf6 ({Another possibility was} 19... Qh5
$5 20. Rfd1 Be5 21. Ng3 Qg5 22. Ne2 b6 23. Be3 Qh4 24. f4 Bg7 25. e5 e6 {
and then White hardly has more than sufficient compensation for the pawn.}) 20.
Rfd1 ({After} 20. Qxb7 Be6 21. Qxa7 Rff8 22. a3 Bc4 23. Rfe1 Ra8 24. Qe3 {
Black still has to claim full compensation for the pawn.}) 20... b6 21. Qa3 $2
{Sergey plays with fire, since Black can keep his extra pawn and consolidate.}
({A much better move was} 21. Rd3 e6 22. Rbd1 Bf8 23. f4 {, maintaining the
balance.}) 21... e6 22. Rd2 Be8 $2 {Maxime returns the favour} ({The natural} 
22... Bf8 23. Qd3 Rc8 {wouldn't leave White any compensation for the pawn.})
23. e5 $1 {Now Sergey is inviting favourable complications.} Qf5 24. Rxd8 Qxb1+
25. Kh2 Rf8 {Black is still a pawn up, but White's pieces are very active.} 26.
Ng3 Bxe5 ({A safer move was} 26... Bf7 27. Rxf8+ Bxf8 28. Qxa7 Qb2 29. Qxb6
Qxe5 30. a4 h5 $11) 27. Qxa7 $2 {Another mistake, that forces Sergey to defend
again.} ({Had he played} 27. Qe7 $1 {he would be out of danger. For instance,}
Qb5 {the only move!} 28. Be3 Bf6 29. Qxe6+ Kg7 30. Ra8 Qe5 31. Rxa7+ Rf7 32.
Qxb6 Rxa7 33. Qxa7+ Kg8 {White would even have a symbolic advantage due to the
extra pawn.}) 27... Qb4 28. Kg1 Qb1+ 29. Kh2 Qb4 30. Kg1 Bf6 (30... g5 $5) 31.
Rd1 $6 ({Most probably, Sergey rejected} 31. Rc8 $1 {in view of} Bd4 32. Ne4
Bxf2+ 33. Nxf2 Qe1+ {, but then} 34. Kh2 Qxf2 35. Qe7 $1 {secures a draw by
perpetual.}) 31... Ba4 32. Rf1 Bc6 33. Qxb6 ({A more precise way was} 33. a3
Qa5 34. Qxb6 Qxb6 35. Bxb6 Ra8 36. Bc5 {saving the pawn for a while.}) 33...
Qxb6 34. Bxb6 Ra8 {Now the Pa2 falls. This endgame should be drawn, but White
would have to suffer for long.} 35. Rf2 Bd5 36. Ne4 Be5 37. Re2 Bxa2 ({After} 
37... Rxa2 38. Rxa2 Bxa2 39. g4 Bd5 40. Kf2 Kg7 41. Be3 {White should be able
to achieve a half point due to the limited material balance.}) 38. Ng5 Bd6 39.
Kf2 Bc4 40. Rd2 Be7 41. Be3 Bd5 42. Rc2 h6 43. Ne4 Bxe4 (43... h5 44. Rc7 Bd8
45. Rd7 {looks drawish too.}) 44. fxe4 h5 45. Rc7 Bf6 46. Rc6 Ra2+ 47. Kf3 Ra3
48. Ke2 Kf7 49. Rc7+ Ke8 50. Rh7 ({A simpler way was} 50. Rc8+ Kd7 51. Rg8 $11)
50... Rb3 51. Ra7 Rb2+ 52. Kf3 g5 53. e5 g4+ 54. Ke4 Rb4+ 55. Kd3 Bd8 ({
A better try was} 55... Bxe5 56. Ra5 Bf6 57. Rxh5 Kf7 58. Ra5 Kg6 59. Ra2 {
, but also then Black cannot make progress.}) 56. Ra8 Kd7 57. g3 Bc7 58. Bd4 $2
{This inaccurate move suddenly could have invited serious troubles!} (58. Bf4
h4 59. Kc3 Re4 60. Kd3 Rb4 61. Kc3 Rb1 62. gxh4 Rf1 63. Be3 Bxe5+ 64. Kd3 g3
65. Ke4 $11) 58... Kc6 59. Bc3 Rb8 ({After} 59... Rb3 $1 60. Kc4 Rb1 61. Bd4
Rc1+ 62. Kd3 Kd5 $19 {White would lose another pawn.}) 60. Ra6+ Rb6 61. Ra8 $2
({White had to play} 61. Ra2 Rb3 62. Kc4 Rb1 63. Rh2 Rc1 64. Kd3 Kd5 65. Bd2
$17) 61... Rb5 $2 ({Again, missing} 61... Rb3 $1) 62. Ke4 Rb3 63. Bd4 Bb8 ({
After} 63... Rxg3 64. Re8 Kd7 65. Rh8 Rh3 66. Rh7+ Kc6 67. Re7 $11 {the e-pawn
would provide White sufficient counterplay.}) 64. Ra6+ Kd7 65. Ra8 Rb1 66. Bf2
Rb4+ 67. Bd4 Bc7 {It's hard to believe, but from this moment both players
commit lots of mistakes!} 68. Kd3 $2 ({He had to play} 68. Ke3 $1 Kc6 69. Ra3
Kd5 70. Rd3 $11) 68... Rb8 $2 ({In his turn, Maxime misses another chance to
enter into a winning position with} 68... Kc6 $1) 69. Ra7 (69. Ra3 $1) 69...
Rb5 70. Kc4 $2 ({At this moment Sergey had to give up another pawn:} 70. Ra8
Bxe5 71. Bxe5 Rxe5 72. Ra7+ Kd6 73. Rh7 Rf5 74. Ke4 {Despite the lack of 2
pawns, White seems to hold!}) 70... Ra5 {Now Black should win!} 71. Rb7 Kc6 ({
Even simpler was} 71... Ra4+ 72. Kc5 Ra3 73. Bf2 Kc8 74. Rb1 Bxe5 $19) 72. Rb3
Bxe5 73. Rb6+ Kd7 74. Bxe5 Rxe5 75. Kd4 Ra5 $2 {Maxime leaves too much
activity for White's king!} (75... Re1 $1 76. Rb7+ Kd6 77. Rh7 e5+ 78. Kd3 Kd5
79. Rxh5 Rg1 {would be absolutely hopeless for Sergey.}) 76. Ke4 $2 ({As in
the earlier note,} 76. Rb7+ $1 Kd6 77. Rh7 Ra3 78. Rxh5 Rxg3 79. Ke4 {would
have reached a drawish position. For instance,} Rc3 80. Rg5 Rc4+ (80... g3 81.
Rg7) 81. Ke3 Ke7 82. Kf2 Kf6 83. Rg8 $11) 76... Ke7 77. Rb8 Ra3 $2 {Luckily
for Sergey, his opponent was the last to err in this dramatic encounter!} ({
After} 77... Kf6 {White would have no chances to save the game:} 78. Rf8+ Kg7
79. Re8 Ra4+ 80. Ke5 h4 $19) 78. Rh8 Rxg3 79. Rxh5 Ra3 80. Kf4 Ra4+ ({Or} 80...
g3 81. Rg5 $11) 81. Kg3 Kd6 82. Rh8 {Black is unable to advance his passers.}
Kd5 83. Rd8+ Ke5 84. Rb8 Rd4 85. Ra8 Re4 86. Ra5+ Kf6 87. Ra8 e5 88. Rf8+ Ke6
89. Re8+ Kd5 90. Rd8+ Kc4 91. Ra8 ({It was even possible to play} 91. Rd1 Rd4
92. Re1 Kd5 93. Ra1 $11) 91... Kd5 92. Rd8+ Kc5 93. Rc8+ Kd4 94. Ra8 Rf4 95.
Re8 Ke4 96. Rg8 Rf3+ 97. Kxg4 Rf1 {The king is cut off, but it's still a well
known theoretical draw.} 98. Kh3 Ke3 99. Kg2 Ra1 100. Rg3+ Ke2 101. Rg4 Ke3
102. Rg3+ Kd2 103. Rg4 Re1 104. Ra4 e4 105. Ra2+ Ke3 106. Ra3+ Kf4 107. Kf2 Rb1
108. Ke2 Rb2+ 109. Ke1 Ke5 110. Ra4 Kf5 111. Ra8 Kf4 112. Ra3 Rh2 113. Kf1 Rd2
114. Ke1 Rd3 115. Rxd3 exd3 116. Kd2 Ke4 117. Kd1 Ke3 118. Ke1 d2+ 119. Kd1 Kd3
1/2-1/2

[Event "FIDE World Cup"]
[Site "Baku"]
[Date "2015.09.16"]
[Round "2.3"]
[White "Aronian, Levon"]
[Black "Areshchenko, Alexander"]
[Result "0-1"]
[WhiteElo "2784"]
[BlackElo "2672"]
[Annotator "Schulz,Andre"]
[PlyCount "202"]
[EventDate "2015.09.11"]
[EventType "k.o."]
[EventRounds "7"]
[EventCountry "AZE"]
[SourceTitle "CBM 169"]
[Source "ChessBase"]
[SourceDate "2015.11.10"]
[SourceVersion "1"]
[SourceVersionDate "2015.11.10"]
[SourceQuality "1"]

1. d4 Nf6 2. c4 g6 3. Nc3 d5 4. cxd5 Nxd5 5. e4 Nxc3 6. bxc3 Bg7 7. Bc4 c5 8.
Ne2 Nc6 9. Be3 O-O 10. O-O Bg4 11. f3 Bd7 12. Rb1 Qc7 13. Qd2 Rad8 14. Rfc1 Na5
15. Bd3 e5 16. Bh6 b6 17. Bxg7 Kxg7 18. f4 f6 19. fxe5 fxe5 20. Qg5 cxd4 21.
cxd4 Qd6 22. Bb5 h6 23. Qg3 Bxb5 24. Rxb5 exd4 {[#]} 25. Rc7+ $2 {Führt zu
einem schlechten Endspiel:} (25. e5 Qe7 26. e6 {mit der Idee} Qxe6 $2 27. Nf4
Qd6 (27... Rxf4 28. Qxf4 $16) 28. Rd5 {und Schwarz kann g6 nicht halten.})
25... Kg8 26. Qxd6 Rxd6 27. Rd5 Rxd5 28. exd5 d3 29. Nc3 d2 30. d6 Rd8 31. d7
Kf7 32. Kf2 a6 33. Ke2 Ke6 34. Kxd2 Rxd7+ 35. Rxd7 Kxd7 {[#] Nach dem
Turmtausch hat Weiß nun einen Bauern wenige und muss ums Remis kämpfen.} 36.
Nd5 b5 37. h4 Nc6 38. Nf4 Ne5 39. Kc3 a5 40. Kd4 Kd6 41. a3 Nc6+ 42. Ke4 Ne7
43. h5 gxh5 44. Nxh5 Kc5 45. Kd3 Nd5 46. g3 b4 47. axb4+ Kxb4 48. Kc2 a4 49.
Ng7 Ne3+ 50. Kb2 a3+ 51. Ka2 Nd5 52. Nf5 h5 53. Nd4 Ka4 54. Ka1 Nc3 55. Nf5 Ne2
56. Ka2 Kb4 57. Kb1 {[#]} Nc3+ (57... Kb3 $1 {gewinnt sofort.}) 58. Kc2 Ne4 59.
Kb1 Kb3 60. Nd4+ Kc3 61. Nf5 Kb4 62. Ka1 Nc3 63. Nd4 Kc4 64. Nf5 Ne2 65. Ka2
Kb4 66. Ne3 Nxg3 67. Nd5+ Kc4 68. Nf4 h4 69. Kxa3 {[#] Nach heldenhafter
Gegenwehr auf verlorenem Posten hat Weiß den a-Bauern erobert, es reicht aber
trotzdem nicht zum Remis.} Kd4 70. Kb2 Ke4 71. Nh3 Kf3 72. Kc3 Ne4+ 73. Kd4 Nf2
74. Ng1+ Kf4 75. Kd5 Nd1 76. Kd4 Nf2 77. Kd5 Kg4 78. Kd4 Nh3 79. Ne2 Kf3 80.
Kd3 Kf2 81. Kd2 Ng5 82. Nf4 Kf3 83. Ne2 Kf2 84. Nf4 Kf3 85. Ne2 Nh3 86. Ke1 Kg2
87. Nd4 Ng5 88. Nf5 h3 89. Ne3+ Kf3 90. Nf1 Ne4 91. Nh2+ Kg2 92. Ng4 Nf6 93.
Ne3+ Kg1 94. Nf1 Nh5 95. Ke2 Nf4+ 96. Ke1 Kg2 97. Ne3+ Kf3 98. Nf1 Nd3+ 99. Kd2
Kf2 100. Ne3 {[#]} Ne5 (100... h2 $4 101. Ng4+) 101. Nd1+ Kf3 0-1

[Event "Canadian op"]
[Site "Edmonton"]
[Date "2009.07.16"]
[Round "6"]
[White "Porper, Edward"]
[Black "Shirov, Alexei"]
[Result "1/2-1/2"]
[WhiteElo "2448"]
[BlackElo "2732"]
[Annotator "Shabalov,A"]
[PlyCount "75"]
[EventDate "2009.07.11"]
[EventType "swiss"]
[EventRounds "9"]
[EventCountry "CAN"]
[SourceTitle "CBM 132 Extra"]
[Source "ChessBase"]
[SourceDate "2009.11.03"]
[SourceVersion "1"]
[SourceVersionDate "2009.11.03"]
[SourceQuality "1"]

1. d4 Nf6 2. c4 g6 3. Nc3 d5 4. cxd5 Nxd5 5. e4 Nxc3 6. bxc3 Bg7 7. Bc4 c5 8.
Ne2 O-O 9. O-O Nc6 10. Be3 Na5 11. Bd3 b6 12. Rb1 cxd4 13. cxd4 Bb7 {Black
must be very creative fighting for the initiative here. Both players follow
Alexey's recent game. Another possibility here was} (13... e6 14. Qd2 Bb7 15.
Bh6 Bxh6 16. Qxh6 Rc8 17. Rfd1 Nc6 18. e5 Qe7 19. Be4 Rfd8 20. Ng3 f5 21. exf6
Qxf6 22. h4 Rf8 23. Rd2 Ba6 24. h5 Ne7 25. hxg6 hxg6 26. Re1 Rf7 27. Bf3 Rh7
28. Qe3 Bc4 29. Rc2 Kg7 30. Qe5 Qxe5 31. Rxe5 Rhh8 32. Bb7 Rb8 33. Rxc4 Rxb7
34. Rxe6 Rd7 35. d5 Nxd5 36. Rd4 Kf7 37. Rc6 Rhd8 38. Ne4 Ne7 39. Ng5+ Ke8 40.
Re4 Rd6 41. Rc7 R8d7 42. Rc8+ Rd8 43. Rc7 R8d7 {1/2-1/2 Beliavsky, A (2619)
-Topalov,V (2791)/Dresden GER}) 14. h4 Rc8 15. h5 Nc4 16. Bxc4 Rxc4 17. h6 Bh8
18. Qd3 Ra4 19. Qb3 Qd7 20. Nc3 Ra5 21. d5 Ba6 $5 {This and also 21...f5 are
among alternatives to} (21... Rc8 22. Nb5 Rxb5 23. Qxb5 Qxb5 24. Rxb5 Ba6 25.
Rb4 Bxf1 26. Kxf1 Bc3 27. Ra4 Ba5 28. Ke2 f6 29. Kd3 Kf7 30. Rc4 Rxc4 31. Kxc4
a6 32. g4 Ke8 33. g5 fxg5 34. Bxg5 Kd7 35. a4 e6 36. Be3 Kd6 37. Bf4+ Kd7 38.
Be3 Kd6 39. Bf4+ Kd7 {1/2-1/2 Wang Yue (2738)-Shirov,A (2745)/Sofia BUL}) 22.
Rfd1 Rc8 23. Rbc1 Qg4 {Alexey counts on his flashy 25th move.Maybe for the
next game he will choose a positional} (23... Bc4 24. Qb4 Be5 25. a4 Qd6 $15)
24. f3 Qh4 25. Ne2 Rac5 26. Rxc5 bxc5 27. Nf4 Be5 {White's previous move
created a threat of 28.Qa4 bb7 29.Qd7, so black defends against it.The
alternative} (27... Bd4 28. Bxd4 cxd4 29. Nh3 Qxh6 30. Rxd4 {was not enough
for the advantage either}) 28. Qa4 $1 {White's only move anyway.} Bxf4 29. Bxf4
Be2 {it looks like black tricked his opponent, but in fact this line leads to
a forced draw!} 30. Qd7 Rf8 31. g3 Qf6 (31... Qh5 $6 {is way too risky after}
32. Qxe7) 32. e5 Qb6 33. Re1 Bxf3 34. e6 {the key move of white's counterplay.
A very exciting encounter ends in a perpetual.} Qb2 35. exf7+ Rxf7 36. Qc8+ Rf8
37. Qe6+ Rf7 38. Qc8+ 1/2-1/2

[Event "Canadian op"]
[Site "Edmonton"]
[Date "2009.07.17"]
[Round "7"]
[White "Porper, Edward"]
[Black "Mikhalevski, Victor"]
[Result "1-0"]
[WhiteElo "2448"]
[BlackElo "2631"]
[Annotator "Shabalov,A"]
[PlyCount "81"]
[EventDate "2009.07.11"]
[EventType "swiss"]
[EventRounds "9"]
[EventCountry "CAN"]
[SourceTitle "CBM 132 Extra"]
[Source "ChessBase"]
[SourceDate "2009.11.03"]
[SourceVersion "1"]
[SourceVersionDate "2009.11.03"]
[SourceQuality "1"]

1. d4 Nf6 2. c4 g6 3. Nc3 d5 4. cxd5 Nxd5 5. e4 Nxc3 6. bxc3 Bg7 7. Bc4 c5 8.
Ne2 Nc6 9. Be3 O-O 10. O-O Bd7 11. Rb1 Qc7 12. Bd3 Rfd8 $6 {Less popular, but
not necessarily a lesser alternative to the main line.} (12... Rad8 13. Qc1 Bc8
14. Rd1 b6 15. h3 Bb7 16. f4 cxd4 17. cxd4 e6 18. Rb3 Qd6 19. Bb1 Ba6 20. e5
Qd7 21. Ng3 Ne7 22. Ne4 Nd5 23. Bf2 Rc8 24. Qd2 Rc6 25. g4 f5 26. exf6 Nxf6 27.
Nxf6+ Bxf6 28. Rc3 Rxc3 29. Qxc3 Bb7 30. Re1 Bg7 31. Qd2 Qd6 32. Be4 Bxe4 33.
Rxe4 Rc8 34. Qe3 Qd5 35. Rxe6 Bxd4 36. Re8+ Rxe8 37. Qxe8+ Kg7 38. Qe7+ {
1/2 Aronian,L (2754)-Vachier Lagrave,M (2684)/Paris FRA}) 13. h3 Be8 14. d5 Ne5
15. c4 a6 $5 {It might easily have been an improvement over} (15... e6 16. Nf4
Rab8 17. Be2 Rd6 18. Qc2 Ra6 19. Rb5 Bf8 20. a4 Bxb5 21. cxb5 Rd6 22. Qc3 Bg7
23. Qxc5 Rc8 24. Qxa7 b6 25. Qxc7 Rxc7 26. Rd1 Bf6 27. dxe6 Rxd1+ 28. Bxd1 fxe6
29. Bb3 {1-0 Topalov,V (2791)-Svidler,P (2727)/ Nanjing CHN}) 16. Nc1 Rab8 $2 {
if Black would follow it with} (16... e6 $5 {now that the white knight is away
from the f4 square. This way he falls into a very passive position.}) 17. f4
Nd7 18. Qc2 Nb6 19. Ne2 Na4 20. e5 b5 21. Nc3 Nxc3 22. Qxc3 e6 23. Be4 exd5 $6
{This loses control over the f5 square and Black succumbs to a direct attack.}
24. cxd5 c4 {The Black passers are no match to White's moveable center} 25. Bd4
{#} f5 $6 {Victor panics.} (25... Qb7 {with the idea Rxd5 would distract White
from the immediate f4-f5 breakthrough.}) 26. exf6 Bf8 27. Be5 Qc5+ 28. Kh1 Rb7
29. f5 Rxd5 30. Bxd5+ Qxd5 31. Rbd1 Qc6 32. Rd8 b4 33. Qg3 c3 34. Bd6 $1 {
Exchanging the most important defender.} Bxd6 35. Rxd6 Qb5 36. Re1 Rb8 37. Qe3
c2 38. Qe7 Qb7 39. Qxb7 Rxb7 40. Rxe8+ Kf7 41. Rc8 1-0

[Event "Linares 11th"]
[Site "Linares"]
[Date "1993.??.??"]
[Round "10"]
[White "Shirov, Alexei"]
[Black "Kamsky, Gata"]
[Result "1-0"]
[WhiteElo "2670"]
[BlackElo "2655"]
[Annotator "Shirov,A"]
[PlyCount "107"]
[EventDate "1993.02.??"]
[EventType "tourn"]
[EventRounds "13"]
[EventCountry "ESP"]
[EventCategory "18"]
[SourceTitle "CBM 034"]
[Source "ChessBase"]
[SourceDate "1993.06.01"]
[SourceVersion "1"]
[SourceVersionDate "1993.06.01"]
[SourceQuality "1"]

1. d4 Nf6 2. c4 g6 3. Nc3 d5 4. cxd5 Nxd5 5. e4 Nxc3 6. bxc3 Bg7 7. Bc4 c5 8.
Ne2 Nc6 9. Be3 O-O 10. Rc1 $5 cxd4 11. cxd4 Qa5+ 12. Kf1 Bd7 13. h4 Rfc8 14. h5
Nd8 15. f4 $5 (15. f3 Ba4 $5 {Shirov,A-Kamsky,G/Moscow/1992/}) 15... Bb5 (15...
Ba4 16. Qd3 b5 17. Bd5 Rxc1+ 18. Bxc1 Rc8 19. hxg6 hxg6 20. f5 $40) (15... e6
$5 16. Kf2 Rc7 $13) 16. Bxb5 Qxb5 17. Kf2 e6 $1 (17... Rxc1 18. Qxc1 Nc6 19.
Qb1 $16) 18. g4 $1 (18. Qb3 Qxb3 19. axb3 Nc6 $10) (18. hxg6 hxg6 19. Qd2 Rxc1
20. Rxc1 Nc6 $13) 18... Rxc1 19. Qxc1 Nc6 20. Qb1 $1 (20. f5 $6 Nb4 $1 $132)
20... Qxb1 21. Rxb1 b6 22. f5 $1 Ne7 $2 (22... exf5 23. gxf5 gxf5 24. h6 Bf6 (
24... Bf8 25. Rc1 $1 Ne7 26. Rg1+ Kh8 27. d5 f6 28. Bd4 Ng8 29. e5 $16) 25. e5
Bh4+ 26. Kf3 $16) (22... Rd8 23. e5 Bf8 $14) 23. h6 $1 (23. fxe6 fxe6 24. Bg5
Kf7 25. Ke3 $16) 23... Bf8 24. fxe6 (24. Rc1 $1 exf5 (24... Rc8 $2 25. f6 Rxc1
26. fxe7 $16) 25. gxf5 f6 26. fxg6 hxg6 27. Rc7 $16) 24... fxe6 25. Nf4 Kf7 $1
(25... Bxh6 26. Nxe6 $16) (25... e5 26. dxe5 Bxh6 27. Nd5 Bxe3+ 28. Kxe3 Nc6
29. e6 $16) 26. Nh3 Kg8 27. Nf4 Kf7 28. Nh3 $1 Kg8 29. Ng5 e5 30. d5 Nc8 $5 (
30... Bxh6 31. Ne6 $1 Bxe3+ 32. Kxe3 Nc8 (32... Rc8 33. d6 Rc3+ 34. Kf2 $1 Rc2+
35. Kg3 Nc6 36. d7 Rd2 37. Rc1 $18) 33. Rc1 $1 Nd6 34. Rc6 $1 Nf7 35. Kd3 $3
Rb8 $140 36. d6 Nd8 37. Nxd8 Rxd8 38. Kc4) 31. Rc1 $1 Nd6 32. Rc7 $1 Rc8 (32...
Bxh6 33. Nxh7 Nxe4+ 34. Kf3 Nd2+ 35. Bxd2 Bxd2 36. Ke4 Bb4 37. Nf6+ Kf8 38.
Kxe5 Rd8 39. Rxa7 $18) 33. Rd7 $1 Rc3 34. Nxh7 Nxe4+ 35. Ke2 Bb4 36. Rxa7 b5
37. g5 $1 Ng3+ 38. Kd1 Ne4 39. Ke2 Ng3+ 40. Kd1 Ne4 41. Bb6 Rf3 42. Bd8 $1 Rf1+
43. Kc2 Rf2+ 44. Kb3 Bc5 45. Nf6+ Nxf6 46. Rg7+ Kf8 47. gxf6 Rf3+ 48. Kc2 Rf2+
49. Kd1 Rf1+ 50. Ke2 Rf2+ 51. Ke1 Rxa2 52. Be7+ Bxe7 53. fxe7+ Ke8 54. d6 1-0

[Event "Malmo"]
[Site "Malmo"]
[Date "1992.??.??"]
[Round "?"]
[White "Barkhagen, Jonas"]
[Black "Sokolov, Ivan"]
[Result "0-1"]
[WhiteElo "2405"]
[BlackElo "2625"]
[Annotator "Sokolov,I"]
[PlyCount "66"]
[EventDate "1992.??.??"]
[EventType "swiss"]
[EventRounds "5"]
[EventCountry "SWE"]
[SourceTitle "EXT 1999"]
[Source "ChessBase"]
[SourceDate "1998.11.16"]
[SourceVersion "1"]
[SourceVersionDate "1998.11.16"]
[SourceQuality "1"]

1. d4 Nf6 2. c4 g6 3. Nc3 d5 4. cxd5 Nxd5 5. e4 Nxc3 6. bxc3 Bg7 7. Bc4 O-O 8.
Be3 c5 9. Ne2 Nc6 10. O-O Bg4 11. f3 Bd7 12. Qd2 Qa5 $1 (12... Rc8) 13. Rfd1
Rac8 14. Rab1 b6 (14... cxd4 15. cxd4 Qxd2 16. Rxd2 Na5 $11) 15. Bb5 (15. dxc5
$6 Ne5) 15... Rfd8 16. Qb2 (16. dxc5 $6 bxc5 {/\} 17. Bxc5 $4 a6 18. Bxe7 Nxe7
19. Bxd7 Rc7) 16... Be8 17. Qb3 {/\ 18. d5 Ne5 19. Be8 Re8 20. c4} a6 $1 $15
18. Bxc6 Bxc6 19. Qxb6 Qxa2 20. Nf4 (20. Rd2 Qa4 $1 $15 {|^ /\} (20... Qc4 21.
Qxc5 Qxc5 22. dxc5 Rxd2 23. Bxd2 Bb5 24. Nd4 $11) 21. dxc5 $2 (21. d5 $140 $2
Bb5 22. Bxc5 $2 Bxe2 23. Rxe2 Qc4 24. Bxe7 Rd7 $19)) 20... Ba4 $1 21. Rdc1 (21.
Rd2 $6 Qa3) 21... cxd4 22. cxd4 Qa3 $1 $17 23. Kf2 Bb5 $1 24. Nd5 e6 25. Nc3 (
25. Nc7 $2 Qa2+ $1 26. Kg1 Rb8 27. Qc5 Bf1 $1 $19) 25... Bd3 26. Ra1 Qe7 27.
Na4 Bb5 $1 28. Nc3 (28. Nc5 Rb8 29. Qa5 Bxd4 30. Bxd4 Rxd4 31. Nxa6 Bxa6 32.
Qxa6 Rd2+ 33. Kg1 Qg5 34. Qf1 (34. Rc8+ Kg7) 34... Rbb2 $19) 28... Bc4 (28...
Rc6 $1 29. Qa5 (29. Nd5 $4 Qh4+ $19) 29... Bc4 30. d5 exd5 31. Nxd5 (31. exd5
Rcc8) 31... Bxd5 (31... Qh4+ 32. Kg1 Bxa1 33. g3 $1 (33. Bf2 $2 Bd4 $1) 33...
Rxd5 $1 34. exd5 Qe7 35. Kf2 Bxd5 (35... Bb2 36. Rc2) 36. Rxc6 Bxc6 37. Qxa1
$15) 32. exd5 Re8 $1 33. Qd2 (33. Qa3 Rd6 $1 (33... Qxa3 $2 34. Rxa3 Rxe3 $4
35. dxc6 Rxa3 36. c7 $18) (33... Qh4+ $6 34. Kf1 $1 (34. Kg1 $2 Rxe3 $1 35.
dxc6 Rxa3 36. c7 Qd4+ 37. Kh1 Rxa1 38. c8=Q+ Bf8 $19) 34... Rxc1+ 35. Rxc1 Qxh2
36. d6 $44) 34. Rab1 Qh4+ 35. Kg1 Rxd5 36. Bf2 Bd4 $17) 33... Rd6 34. Bc5 (34.
Rab1 $2 Rxd5 $1 $19) 34... Qh4+ 35. Kg1 Rxd5 $1 36. Qxd5 Bxa1 37. Bf2 Qf6 $17 {
/\} 38. Rc6 $2 Rd8 $1 $19) 29. Kg1 $2 (29. Na4 Bb5 30. Nc3 Rc6 $1 {- 28... Rc6}
) 29... Rb8 $19 30. Qc6 Bxd4 31. Bxd4 Rxd4 32. f4 Bd3 $1 33. Ra4 Bb5 $1 0-1